|
|
|
|
| LEADER |
01011cam a2200253 7i4500 |
| 001 |
0000009611 |
| 005 |
20210223090000.0 |
| 020 |
|
|
|a 0805347224 (pbk.)
|
| 020 |
|
|
|a 9780805347227
|
| 090 |
0 |
0 |
|a QH447
|b .C53 2003
|
| 100 |
1 |
|
|a Campbell, A. Malcolm
|
| 245 |
1 |
0 |
|a Discovering genomics, proteomics, and bioinformatics
|c A. Malcolm Campbell, Laurie J. Heyer.
|
| 260 |
|
|
|a San Francisco:
|b CSHL Press,
|c 2003.
|
| 300 |
|
|
|a xvi,352 p.:
|b col. ill.;
|c 28 cm..
|
| 501 |
|
|
|a With CD-ROM : Illustrations to accompany Discovering genomics, proteomics, & bioinformatics / A. Malcolm Campbell, Laurie J. Heyer
|
| 504 |
|
|
|a Includes bibliographical references and index
|
| 650 |
0 |
0 |
|a Proteomics
|
| 650 |
0 |
0 |
|a Genomics
|
| 650 |
0 |
0 |
|a Bioinformatics
|
| 700 |
1 |
|
|a Heyer, Laurie J
|
| 997 |
|
|
|a Engineering & Life Sciences, Faculty
|b Science & Biotechnology, Department
|
| 998 |
|
|
|a Bioinformatics, Degree
|
| 998 |
|
|
|a Biotechnology & Life Sciences, Diploma
|
| 999 |
|
|
|a 0000016391
|b BOK
|c OPEN SHELF
|e 1st Floor, Bestari Jaya
|